Movies Quiz

Random Movies or Clickable Quiz

Kate Winslet Movie Match Quiz Stats

 Plays Quiz not verified by Sporcle

Score 0/10 Timer 02:00
0 Plays Today
% Correct
Titanic
94.4%
Steve Jobs
87%
Eternal Sunshine of the Spotless Mind
83.3%
The Reader
76.9%
The Mountain Between Us
73.1%
Sense and Sensibility
72.2%
The Holiday
68.5%
Labor Day
63%
Heavenly Creatures
62%
Enigma
38.9%

You're not logged in!

Compare scores with friends on all Sporcle quizzes.
OR
Log In

Show Comments

Extras

Top Quizzes Today


Score Distribution

Your Account Isn't Verified!

In order to create a playlist on Sporcle, you need to verify the email address you used during registration. Go to your Sporcle Settings to finish the process.

Report this User

Report this user for behavior that violates our Community Guidelines.

Details: